| 000 | 00000nam##2200000za#4500 |
| 001 | 9.569094 |
| 003 | CaOODSP |
| 005 | 20210624181611 |
| 007 | cr ||||||||||| |
| 008 | 150406|2001||||xxc|||||o f|0| 0 eng|d |
| 040 | |aCaOODSP|beng |
| 043 | |an-cn--- |
| 086 | 1 |aNH15-379/2001E-PDF |
| 110 | 2 |aCanada Mortgage and Housing Corporation. |
| 245 | 10|aAlternate tenure arrangements / |h[electronic resource]|cby David Scherlowski. |
| 260 | |bCanada Mortgage and Housing Corporation |c2000. |
| 300 | |a295p.|btables |
| 490 | 1 |aResearch report. Housing affordability and finance series |
| 500 | |aThe catalogue number (NH15-379/2001E) and ISBN (0-662-29951-5) for the print edition have been incorrectly copied in this electronic publication. -- "Final report". |
| 504 | |aBibliography. |
| 590 | |a11-04-Supp|b2011-02-17 |
| 720 | 1 |aScherlowski, David |
| 775 | 08|tModes d'occupation non traditionnels / |w(CaOODSP)9.600335 |
| 776 | 0#|tAlternate tenure arrangements : |w(CaOODSP)9.620137 |
| 830 | #0|aResearch report. Housing affordability and finance series.|w(CaOODSP)9.504903 |
| 856 | 40|ahttp://publications.gc.ca|qPDF|s2 MB|uhttps://publications.gc.ca/collections/collection_2011/schl-cmhc/nh18-1-1/NH15-379-2001-eng.pdf |